00308nam a22001337a 4500003000400000008004100004020001800045082001600063100001500079245003500094250000800129260002900137300000800166OSt240507b |||||||| |||| 00| 0 eng d a9789354645778 a005.368 HYM aHYMAN,Jack aMicrosoft Power BI for Dummies aRep aNew Delhi bWiley c2024 a402